banner-ar

فن كتابة التقارير والعروض الترويجية / (Record no. 66982)

MARC details
000 -الفاتح
حقل البيانات ثابتة الطول 00849nam a22002177a 4500
005 - وقت وتاريخ اخر تعامل مع التسجيلة
رقم الضبط 20240530110950.0
008 - عناصر البيانات ثابتة الطول - معلومات عامة
حقل البيانات ثابتة الطول 160720s2009 ua a f 000 0 ara d
020 ## - الرقم الدولى المعيارى للكتب
الرقم الدولى المعيارى للكتاب 9789774551775
040 ## - مصدر الفهرسة
وكالة الفهرسة الأصلية EG-CaGPL
082 04 - رقم تصنيف ديوى العشرى
رقم الطبعة 21
رقم التصنيف 651.78\
رقم المادة ف ف
100 ## - المدخل الرئيسى - إسم شخصى
الإسم الشخصى فورسيث ؛ باتريك
245 12 - بيان العنوان
العنوان فن كتابة التقارير والعروض الترويجية /
بيان المسئوليه,etc تاليف فورسيث ؛ باتريك ؛ مترجم خالد العامرى
250 ## - بيان الطبعة
بيان الطبعة الطبعة الاولى
260 ## - PUBLICATION, DISTRIBUTION, ETC. (IMPRINT)
تاريخ النشر أو التوزيع 2009
300 ## - الوصف المادى
التعداد 168 ص ؛
أبعاد الوعاء 24 سم .
650 04 - المدخل الاضافى بالموضوع-مصطلح موضوعى
مصطلح موضوعي كتابة التقارير
650 04 - المدخل الاضافى بالموضوع-مصطلح موضوعى
مصطلح موضوعي العروض الترويجية
700 ## - المدخل الاضافى - اسم شخصى
الإسم الشخصى خالد العامرى
الدور مترجم
942 ## - عناصر المدخل الإضافي( كوها)
مصدر التصنيف او مخطط الترفيف Dewey Decimal Classification
Koha [default] item type كتاب
260 ## - PUBLICATION, DISTRIBUTION, ETC. (IMPRINT)
-- القاهرة :
-- دار الفاروق للاستثمارات الثقافية،
Holdings
حالة التراجع حالة الفقد حالة تلف ليس للاعارة المكان المؤقت الموقع الحالى موقع الترفيف تاريخ الاكتساب اجمالي اﻻعارات رقم الطلب الباركود تاريخ اخر مشاهدة تاريخ تفعيل السعر نوع وعاء كوها
        مكتبة القاهرة الكبرى مكتبة القاهرة الكبرى ق الرئيسية_الإدارة_ك عربى 12/12/2022   651.78\ ف ف 168997 12/12/2022 12/12/2022 كتاب

Powered By

EGPV